000
00243nam a2200109Ia 4500
008
230907s9999||||xx |||||||||||||| ||und||
082
_a
570
_b
STA
100
_a
Starr, Cecie,
_9
100099
245
0
_a
Biology :
300
_a
525 p. :
942
_c
BK
999
_c
600898
_d
600898